000 00463nab a2200145Ia 4500
003 ES-SlBCS
005 20210601134616.0
008 140529s1993 xxu||||| |||| 00| 0 spa d
041 _aspa
100 1 _aVillanueva P., Leoncio
_9220359
245 0 0 _aLa figura del franciscano P. Carlos Balic, escotista y mariólogo
_c Leoncio Villanueva P.
600 1 4 _aBalic, Carlos
_9220382
773 0 _tAnthropos
_gvol. 14, nº. 27, 1993, págs. 116-122
_wRev38
942 _cAR
999 _c615217
_d615217